000 01417nam a2200349 i 4500
003 EG-GICUC
005 20260121101442.0
008 251208s2008 ua ||||fr|||| 000 0 ara d
017 _a2008/3914
020 _a977-328-420-4
040 _a EG-GICUC
_bara
_c EG-GICUC
_d EG-GICUC
_erda
041 _aara
082 0 4 _221
_a343.11821
_bر ف . م
092 0 4 _221
099 _aLaw1 10 343.11821 ر ف . م 1 ed 2008
100 0 _aرفعت رشوان
_eمؤلف.
245 1 0 _aمبدأ إقليمية قانون العقوبات في ضوء قواعد القانون الجنائي الداخلي و الدولي /
_cرفعت رشوان
250 _aالطبعة الاولى
264 1 _aالإسكندرية :
_bدار الجامعة الجديدة،
_c2008.
300 _a185 صفحة ؛
_c24 سم
336 _2rda content
_atext
337 _2rda media
_aComputer
338 _2rda carrier
_aOnline Resource
504 _a. 172-167ببليوجرافيا: صفحات.
546 _aالنص أغلبه باللغة العربية بعض النصوص الإنجليزية والفرنسية
650 1 4 _aمبدأ إقليمية قانون العقوبات
_2qrmak
650 1 4 _aالجرائم المرتكبة على متن السفن والطائرات
651 1 _2qrmak
856 4 0 _uhttps://fll.law.cu.edu.eg/fulltext/bks/B10-06634.pdf
905 _a79
_eHassnaa
942 _2ddc
_cBK
_e21
_n0
999 _c49165
_d49165